Central Library OPAC University of Rajshahi

Indian painting for the British, 1770-1880 / (Record no. 76597)

MARC details
000 -LEADER
fixed length control field 00923nam a22002892a 4500
001 - CONTROL NUMBER
control field 76597
003 - CONTROL NUMBER IDENTIFIER
rucl marc code BD-RjUL
005 - DATE AND TIME OF LATEST TRANSACTION
control field 20211209082849.0
008 - FIXED-LENGTH DATA ELEMENTS--GENERAL INFORMATION
fixed length control field 191224s1955 enk b 000 0 eng d
035 ## - SYSTEM CONTROL NUMBER
System control number OCLC ocm00227942 from D950110M
System control number (BD-RjUL)76821
040 ## - CATALOGING SOURCE
Original cataloging agency KSU
Transcribing agency KSU
Modifying agency WSU
-- UKM
-- BD-RjUL
Language of cataloging eng
041 ## - LANGUAGE CODE
Language code of text/sound track or separate title eng
082 ## - DEWEY DECIMAL CLASSIFICATION NUMBER
Edition number 23
Classification number 759.954
Author mark and year ARI 1955
090 ## - LOCALLY ASSIGNED LC-TYPE CALL NUMBER (OCLC); LOCAL CALL NUMBER (OCLC)
Classification number (OCLC) (R) ; Classification number, CALL (RLIN) (NR) ND1003
Local cutter number (OCLC) ; Book number/undivided call number, CALL (RLIN) .A7
092 ## - LOCALLY ASSIGNED DEWEY CALL NUMBER (OCLC)
Classification number D0502110448
100 1# - MAIN ENTRY--PERSONAL NAME
Personal name Archer, Mildred.
9 (RLIN) 236815
245 10 - TITLE STATEMENT
Title Indian painting for the British, 1770-1880 /
Statement of responsibility, etc. an essay by Mildred and W.G. Archer.
260 ## - PUBLICATION, DISTRIBUTION, ETC. (IMPRINT)
Place of publication, distribution, etc. London :
Name of publisher, distributor, etc. Oxford University Press,
Date of publication, distribution, etc. 1955.
300 ## - PHYSICAL DESCRIPTION
Pagination xiv, 145 p., 24 p. of plates :
Illustrations ill. ;
Size 26 cm.
504 ## - BIBLIOGRAPHY, ETC. NOTE
Bibliography, etc Bibliography: p. [125]-136.
650 #0 - SUBJECT ADDED ENTRY--TOPICAL TERM
Topical term or geographic name as entry element Painting
Geographic subdivision India.
9 (RLIN) 236816
Topical term or geographic name as entry element Painting, Indic.
9 (RLIN) 236817
700 1# - ADDED ENTRY--PERSONAL NAME
Personal name Archer, W. G.
Fuller form of name (William George),
Dates associated with a name 1907-1979.
942 ## - ADDED ENTRY ELEMENTS (KOHA)
Source of classification or shelving scheme Dewey Decimal Classification
Koha item type Books
Holdings
Lost status Source of classification or shelving scheme Damaged status Not for loan Collection code Permanent Location Current Location Shelving location Date acquired Source of acquisition Cost, normal purchase price Total Checkouts Full call number Date last seen Copy number Koha item type
  Dewey Decimal Classification   Not For Loan Non-fiction Central Library, University of Rajshahi Central Library, University of Rajshahi Reading Room 23/09/1968 Zeitlinger 50.00   759.954 ARI 1955 24/12/2019 C-1 Books